| 000 | 01028nam a22002175i 4500 | ||
|---|---|---|---|
| 001 | 160538 | ||
| 003 | ES-MaACL | ||
| 005 | 20250726220147.0 | ||
| 008 | 020401s1875 sp |||| | spa d | ||
| 040 |
_aCAM _bspa _cCAM |
||
| 100 | 1 |
_aNavarro, Calisto. _9130413 |
|
| 245 | 1 | 3 |
_aEl inválido _b: zarzuela en un acto y en verso / _coriginal de Calisto Navarro ; música de Tomás Bretón. |
| 260 |
_aMadrid : _b[s.n.], _c1875 ( _fImprenta de Serafin Landaburu) |
||
| 300 |
_a28 p. ; _c20 cm. |
||
| 500 | _aEn port.: Estrenada en el Teatro de Romea, la noche del 11 de septiembre de 1875. | ||
| 500 | _aSolo la letra. | ||
| 596 | _aEn verso de la port. consta: "... Los comisionados de la Administracion Lírico-Dramática de Eduardo Hidalgo ..." | ||
| 700 | 1 |
_aBretón, Tomás, _d1850-1923 _931633 |
|
| 852 |
_aES-MaACL _jF-8578(3) _z-- Enc. pasta española _q-- Falto de la cub. original _z-- Enc. en un vol. facticio ormando parte de la col. facticia Teatro español moderno, vol. 31 |
||
| 999 |
_c160538 _d160538 |
||